[Event "Amsterdam NH Hotels 5th"]
[Site "Amsterdam"]
[Date "2010.08.22"]
[Round "10"]
[White "Gelfand, Boris"]
[Black "Nakamura, Hikaru"]
[Result "1/2-1/2"]
[WhiteElo "2739"]
[BlackElo "2729"]
[Annotator "Krasenkow,M"]
[PlyCount "80"]
[EventDate "2010.08.12"]
[EventType "schev"]
[EventRounds "10"]
[EventCountry "NED"]
[SourceTitle "CBM 138"]
[Source "ChessBase"]
[SourceDate "2010.09.17"]
[SourceVersion "1"]
[SourceVersionDate "2010.09.17"]
[SourceQuality "1"]

1. d4 Nf6 2. c4 g6 3. Nc3 Bg7 4. e4 d6 5. Nf3 O-O 6. Be2 e5 7. Be3 Ng4 8. Bg5
f6 9. Bh4 Nc6 10. d5 Ne7 11. Nd2 h5 12. h3 Nh6 13. g4 hxg4 (13... g5 14. Bg3 h4
{, closing the kingside completely, is the main alternative; however, White
has the upper hand on the queenside and keeps the initiative.}) 14. hxg4 Nf7
15. Qc2 {Preparing queenside castling and attack along the h-file.} (15. Qb3 {
is also played.}) 15... c5 {[%cal Ya7a6,Yb7b5]} (15... Bd7 {is the alternative
plan:} 16. O-O-O Nc8 (16... c5 17. Rh2 Nc8 18. Bg3 Bh6 19. f4 $1 {[%cal Yf4f5,
Yg4g5]} exf4 20. e5 Kg7 21. exf6+ Qxf6 22. Nce4 Qe7 (22... Qe5 23. Bh4 g5 24.
Nf3 Qe7 25. Qc3+ $18 {1-0 Peralta,F (2557)-Suarez Real,A (2417)/Leon 2008/CBM
127 Extra (29)}) 23. Bh4 g5 24. Bxg5 $1 Bxg5 (24... Nxg5 25. Rxh6 $1 Kxh6 26.
Rh1+ Kg7 27. Nxg5 $18) 25. Rh7+ $1 Kxh7 26. Nxg5+ $18 {1-0 Tegshsuren,E (2415)
-Shulman,Y (2596)/Connecticut 2002/CBM 087 ext (44)}) (16... c6 $5 {- see 15...
c6}) 17. Bg3 Bh6 18. f4 $1 (18. Rh2 Kg7 19. Rdh1 Rh8 20. Kb1 {1/2 Magerramov,E
(2556)-Fedorov,A (2590)/Dubai 2001/CBM 083}) 18... Bxf4 (18... exf4 19. e5 $1)
19. Bxf4 exf4 20. e5 $1 Nxe5 21. Rh6 Qe7 22. Rdh1 Qg7 23. Nf3 Ne7 24. Nxe5 fxe5
25. Bd3 Bxg4 26. Bxg6 $40 {1-0 Peralta,F (2509)-Spasov,V (2542)/Lorca 2004/EXT
2005 (35)}) (15... c6 16. O-O-O Bd7 17. Kb1 {1-0 Van Wely,L (2677)-Umudova,N 
(2222)/Baku 2008/CBM 124 Extra (38)} a6 $5 {[%cal Yb7b5] should be checked.})
16. O-O-O a6 (16... Bh6 $2 17. Bxf6 Bg5 18. Bxg5 Nxg5 19. Qd3 Kg7 20. Qg3 Ng8
21. Qh4 Qf6 22. f4 $1 exf4 23. Nf3 Nxf3 24. Qh7# {1-0 Wells,P (2479)
-Bromberger,S (2411)/Fuerth 2002/CBM 090 ext}) (16... Bd7 17. Rdf1 (17. Kb1 Nc8
18. Qd3 Bh6 19. Rh2 Kg7 20. Rdh1 Rh8 21. Nf1 Bf4 22. Bg3 Rxh2 23. Rxh2 Bg5 24.
Bh4 Nb6 25. Qh3 Bf4 26. Bg3 Bh6 27. f3 Qe7 $13 {1/2 Taboas Rodriguez,D (2309)
-Cheparinov,I (2531)/Dos Hermanas 2004/EXT 2005 (113)}) 17... a6 $1 (17... Nc8
$6 {[%csl Rc8]} 18. Bg3 Bh6 19. f4 $1 Bxf4 20. Bxf4 exf4 21. Rxf4 Kg7 22. Rhf1
Ne5 23. g5 f5 24. exf5 Bxf5 25. Nce4 $16 {1-0 Huzman,A (2574)-Saravanan,V 
(2412)/Biel 2000/CBM 077 ext (41)}) 18. Rh2 (18. Bg3 Bh6 19. f4 exf4 20. Bxf4
Bxf4 21. Rxf4 Kg7 22. Nd1 (22. Rhf1 Ng8) 22... Ne5 23. Ne3 g5 24. Rf2 Rh8 25.
Rxh8 Qxh8 26. Ndf1 {1/2 Nikitin,A (2535)-Solovjev,N (2166)/Togliatti 2001/CBM
083 ext}) 18... Nc8 19. Bg3 Bh6 20. f4 exf4 21. Bxf4 Bxf4 22. Rxf4 Kg7 23. Nd1
(23. Rhf2 Ng5 $1) 23... Ne7 24. Rf1 Rh8 25. Rhf2 Ng8 $13 {1/2 Avrukh,B (2591)
-Inarkiev,E (2500)/Moscow 2002/CBM 088 (61)}) 17. Rh2 (17. Rdf1 b5 18. Bg3 $6 (
18. Nd1 {[%cal Yd1e3] A.Fedorov}) 18... Bh6 19. f4 b4 20. Nd1 exf4 21. Bxf4
Bxf4 22. Rxf4 Kg7 $15 {0-1 Gelfand,B (2713)-Fedorov,A (2659)/Batumi 1999/CBM
074 (55)}) 17... Bd7 18. Rdh1 b5 (18... Qc8 19. Nd1 Bxg4 20. Bxg4 Qxg4 21. Ne3
Qd7 22. Qd1 $40 Nh6 $6 23. Bg3 Kf7 24. Rxh6 Bxh6 25. Rxh6 Rh8 26. Ng4 Rxh6 27.
Nxh6+ Kg7 28. Ng4 $16 {1-0 Halkias,S (2505)-Markidis,K (2342)/Kavala 2001/EXT
2002 (40)}) 19. Kb1 {In two correspondence games White players chose different
plans and gradually outplayed their opponents:} (19. Qd3 Qa5 20. Qh3 Rfb8 21.
f4 $1 b4 (21... exf4 22. e5 $1 dxe5 23. Nde4 $40) 22. Nb3 Qc7 23. fxe5 dxe5 (
23... Nxe5 24. Bxf6 $1 Bxf6 25. Rf2 $18) 24. Nb1 Qd6 25. Bf2 Rc8 26. Qh7+ Kf8
27. Be3 a5 28. N3d2 a4 29. Rf2 Ra7 30. Nf1 Ra6 31. Ng3 Qb6 32. g5 $1 $18 {
1-0 Nielsen,J (2516)-Vinot,S (2519)/ICCF Email 2002/ICCF Telechess CBM 102 (45)
}) (19. Bg3 Qc8 20. f3 b4 21. Nd1 a5 22. Bf2 Qc7 23. Qd3 a4 24. Nf1 Ng5 25. Be3
Rae8 26. f4 $1 exf4 27. Bxf4 Qb6 28. e5 $1 dxe5 29. Bxg5 fxg5 30. Nf2 Nc8 31.
Ne4 $16 {1-0 Collazo,F (2391)-Barros,I/IECC 2003/Telechess CBM 97 (59)}) 19...
Rb8 20. Bg3 Qc8 21. f3 Rb7 22. Ka1 Qc7 23. f4 Rfb8 24. fxe5 {[%mdl 32]
Probably inaccurate. Black now gets the important d6-square for his knights.} (
24. f5 $5 {, and White should break through. E.g. Nc3-d1-e3 with idea f5xg6
and Ne3-f5; if Black plays ...g6-g5, White can prepare a decisive invasion
along the h-file.}) 24... dxe5 25. Nd1 Nc8 26. Ne3 (26. Bf2 $142 $1 $16 {
[%csl Rc5][%cal Yf2c5] White's kingside attack is halted so he must exploit
the second weakness in Black's position.}) 26... Ncd6 27. Bh4 bxc4 28. Ndxc4
Bb5 29. Rb1 Bxc4 30. Nxc4 Nxc4 31. Bxc4 Nd6 32. Be1 Qd7 33. Be2 c4 34. Bc3 (34.
g5 f5 $132) 34... g5 {Black has consolidated his position, and White soon
gives up his winning attempts.} 35. Rhh1 (35. Bd1 $5 {[%cal Yc2e2,Yd1c2]} Nb5
36. Qd2 {was the last chance of regrouping.}) 35... Qe8 36. Bf3 Nb5 37. Qa4 Rc8
38. Rhc1 Bf8 39. Be1 Nd6 40. Qxe8 Rxe8 {The general conclusion is that this
opening line is strategically dangerous for Black.} (40... Rxe8 41. b3 $5 cxb3
42. Rxb3 Rxb3 43. axb3 Re7 $132 {[%cal Ye7h7]}) 1/2-1/2

[Event "Capablanca Memorial Elite 46th"]
[Site "Havana"]
[Date "2011.05.17"]
[Round "6"]
[White "Le, Quang Liem"]
[Black "Dominguez Perez, Leinier"]
[Result "1-0"]
[WhiteElo "2687"]
[BlackElo "2726"]
[Annotator "Krasenkow,M"]
[PlyCount "89"]
[EventDate "2011.05.11"]
[EventType "tourn"]
[EventRounds "10"]
[EventCountry "CUB"]
[EventCategory "19"]
[SourceTitle "CBM 143"]
[Source "ChessBase"]
[SourceDate "2011.07.15"]
[SourceVersion "1"]
[SourceVersionDate "2011.07.15"]
[SourceQuality "1"]

1. d4 Nf6 2. c4 g6 3. Nc3 Bg7 4. e4 d6 5. Be2 O-O 6. Nf3 e5 7. O-O Nc6 8. d5
Ne7 9. Ne1 Nd7 10. f3 f5 11. g4 Kh8 12. Nd3 {For this system - see article by
Elena Dembo in CBM 137.} f4 (12... Ng8 {is the main line - see e.g. Belov -
Grischuk in CBM 130.}) {12...f4 was introduced into GM practice by Ivan
Cheparinov against Pavel Eljanov (Jermuk 2009).} 13. Kh1 $146 {[%mdl 8] This
is often played after 12...Ng8 but it is a formal novelty in the present
position.} (13. h4 {leads to a perpetual:} Bf6 ({or} 13... Ng8 14. Qe1 (14. g5
h6) 14... Bf6 15. g5 Bxg5 16. hxg5 Qxg5+ $11) 14. g5 Bxg5 15. hxg5 Nxd5 16.
cxd5 (16. Rf2 Nxc3 17. bxc3 Qxg5+ 18. Rg2 Qe7 $44) 16... Qxg5+ $11 {P.Eljanov})
(13. Bd2 g5 14. Rc1 Rf7 $1 15. b4 Nf6 16. c5 Ng6 17. Rf2 Bf8 $1 18. Qb3 h5 19.
h3 Rh7 20. Rh2 Bd7 21. Qc4 Kg7 22. Rf1 Be7 $13 {1/2 Mecking,H-Bouaziz,S/Sousse
1967/IZT (66)}) (13. Rf2 Bf6 14. Rg2 Bh4 15. b4 h5 (15... Nf6 $5 $13 {P.Eljanov
}) 16. g5 $1 Ng8 17. Kh1 Rf7 (17... a5 $5 18. bxa5 Rxa5 19. Nb5 b6 $13 {E.Dembo
}) 18. c5 Nf8 19. Nb5 Bh3 20. Rg1 a6 21. Na3 Bxg5 22. Nc4 $44 {1-0 Eljanov,P 
(2716)-Cheparinov,I (2678)/Jermuk 2009/CBM 132/[Eljanov] (53)}) 13... g5 14.
Bd2 {White combines Mecking's plan with the unexpected opening of the kingside.
} Rf7 15. b4 Nf6 16. Rg1 Ng6 17. c5 h5 (17... Bf8 18. Be1) 18. gxh5 $5 Nxh5 19.
Be1 Bf8 20. Rc1 Rh7 21. Bf1 Bd7 22. a4 g4 $6 {Premature! Black's kingside
attack should be better prepared, e.g.} (22... a6 23. a5 (23. Rc2 Be7 {[%cal
Yd8f8]}) 23... Qf6 $132 {[%cal Yh5g3]}) 23. fxg4 Ng3+ 24. Bxg3 fxg3 25. Rxg3
Bh6 26. Rc2 Nf4 27. Rf2 $6 (27. Nb5 $1 $36) 27... Qh4 28. Ne1 Bf8 29. Qf3 dxc5
30. Ne2 cxb4 $6 (30... Nxe2 $142 31. Rh3 (31. Bxe2 cxb4) 31... Bxg4 $1 32.
Qxf8+ (32. Rxh4 Bxf3+ 33. Nxf3 Rxh4 34. Nxh4 Nf4 35. b5 Bd6 36. Nf5 Kg8 $11 {
[%cal Yg8f7]}) 32... Rxf8 33. Rxf8+ Kg7 34. Rxh4 Rxh4 35. Rb8 cxb4 36. Rxb7
Ng3+ 37. Kg1 Nxf1 38. Kxf1 Kf6 $13) 31. Nxf4 exf4 32. Qxf4 $14 {White's
central pawns are now more dangerous than Black's b4 but the position remains
tense.} Bd6 33. e5 Rf8 34. Qe3 Rxf2 35. Qxf2 Bc5 36. Qg2 Qg5 37. Nf3 (37. Nd3
$5 Be7 38. Qf2) 37... Qc1 (37... Qf4 $5 $13) 38. Nd2 Bxa4 $2 {An unobvious but
decisive mistake.} (38... Be7 $1 {was necessary to avoid the devastating
advance of White's g5-pawn, e.g.} 39. e6 (39. g5 Bf5 $1 40. g6 Rg7) 39... Bxa4
40. g5 Bb5 41. g6 Rg7 $13) 39. g5 $18 Bb5 40. g6 Bxf1 41. Nxf1 Rh4 (41... Rg7
42. Qh3+ Kg8 43. Qe6+ $18 {- that's the difference from the previous line!})
42. g7+ Kg8 43. d6 c6 44. Rf3 Rf4 45. Qh3 1-0

[Event "Linares 16th"]
[Site "Linares"]
[Date "1999.03.10"]
[Round "14"]
[White "Kasparov, Garry"]
[Black "Topalov, Veselin"]
[Result "1/2-1/2"]
[WhiteElo "2812"]
[BlackElo "2700"]
[Annotator "Stohl,I"]
[PlyCount "136"]
[EventDate "1999.02.21"]
[EventType "tourn"]
[EventRounds "14"]
[EventCountry "ESP"]
[EventCategory "20"]
[SourceTitle "CBM 070"]
[Source "ChessBase"]
[SourceDate "1999.06.08"]
[SourceVersion "1"]
[SourceVersionDate "1999.06.08"]
[SourceQuality "1"]

1. Nf3 Nf6 2. c4 g6 3. g3 Bg7 4. Bg2 O-O 5. O-O d6 6. Nc3 e5 7. d4 Nbd7 8. h3
exd4 9. Nxd4 Re8 10. e4 a6 11. Re1 (11. Bg5 $5) 11... Rb8 12. a4 {Topalov's
choice couldn't have been too much of a surprise for Kasparov, as they played
the same line already last year:} (12. Bg5 h6 13. Be3 Ne5 14. b3 c5 15. Nf3
Nxf3+ 16. Qxf3 b5 17. Rad1 bxc4 18. Bf4 Re6 19. bxc4 Rb4 20. e5 Qe8 21. Nd5
Nxd5 22. cxd5 Rxe5 23. Bxe5 Bxe5 $44 {Kasparov,G-Topalov,V/Leon m/1998/}) 12...
c6 $146 {[%mdl 8] This typical move hasn't been played earlier.} ({Somewhat
passive is} 12... a5 13. Ndb5 Nc5 14. Bf4 $5 (14. Be3 b6 $5 (14... Bd7 15. Qc2
b6 16. Rad1 Qc8 17. g4 Qd8 18. f3 Rc8 19. Bc1 Qe7 20. f4 Qf8 21. Bf3 h6 22. Be3
Be6 23. b3 Nh7 24. h4 g5 25. hxg5 hxg5 26. f5 Bd7 27. Kg2 Be5 28. Rh1 c6 29.
Nd4 f6 30. Rh5 Re7 31. Rdh1 $36 {Bareev,E-Khalifman,A/Pardubice/1994/}) 15. Qc2
Bb7 16. Bd4 Ne6 17. Be3 Nc5 18. Bd2 $6 c6 19. Nd4 Nfd7 20. Be3 Ne5 21. b3 Ned3
22. Re2 Nb4 23. Qd1 d5 $15 {Vukic,M-Itkis,B/Cetinje YUG-chT/1993/}) 14... Ne6
15. Be3 Bf8 16. Nd5 (16. f4 $5 c6 17. Nd4 Nc5 18. Qc2 $14 {()[+]}) 16... Nd7
17. Nf4 Ndc5 18. Qc2 c6 19. Nc3 Qb6 20. Rad1 Qb4 21. Nfd5 cxd5 22. Nxd5 Qxa4
23. Qxa4 Nxa4 24. Nf6+ Kh8 25. Nxe8 Nxb2 26. Rb1 Nxc4 $44 {|^,Baburin,A-Van
Wely,L/Skei/1993/}) (12... Nc5 13. b4 (13. a5 $6 Nfd7 14. Be3 Ne5 15. Bf1 Nc6
$1 16. Nxc6 bxc6 17. Qc2 Nb3 18. Rad1 c5 19. Nd5 Nxa5 20. Qa4 c6 21. Nf4 Rb4
22. Qc2 Rxb2 23. Qd3 Nb3 24. Qxd6 Qxd6 25. Rxd6 Nd4 $17 {Rustemov,A-Golubev,M/
Minsk/1993/}) 13... Ne6 14. Be3 c5 15. bxc5 dxc5 16. Nde2 (16. Nxe6 $5 Bxe6 17.
Qb3 $36) 16... Nd7 17. Qd6 (17. Rc1 $5 {/\Nd5}) 17... Qb6 18. Qd2 Qa5 19. Bh6
Bh8 20. Rac1 Ne5 21. Qd6 Nc6 22. Qd2 Ncd4 23. Nxd4 Nxd4 24. e5 Bxh3 25. Qf4
Bxg2 26. Kxg2 Re6 27. Nd5 Rbe8 28. g4 Qxa4 29. Rb1 Qxc4 30. Nc7 b5 $17 {
Arnett,D-Brenninkmeijer,J/New York/1993/}) (12... Ne5 13. b3 c5 (13... Bd7 14.
Ra2 Qc8 15. Kh2 h5 16. Bg5 Nh7 17. Be3 h4 18. gxh4 Qd8 19. f4 Qxh4 20. fxe5
Bxe5+ 21. Kg1 Qg3 22. Nd5 c6 23. Nb6 Bxh3 24. Kf1 Nf6 25. Qf3 Bxg2+ 26. Rxg2
Qh4 27. Bg5 Qh8 28. Nf5 Rbd8 29. Nh6+ Kg7 30. Rf2 Re6 31. Nd5 {1-0,Bischoff,
K-Knaak,R/BL9192/1992/}) 14. Nc2 (14. Nde2 $5 Bxh3 15. Bxh3 Nf3+ 16. Kg2 Nxe1+
17. Qxe1 Nxe4 18. Be3 Bd4 19. Nxd4 cxd4 20. Bxd4 Nxg3 21. Qd2 Nh5 22. Bg4 Qh4
23. Bxh5 Qxh5 24. Qf4 g5 25. Nd5 $1 $18 {Cosma,I-Nisipeanu,L/ROM-ch/1992/})
14... Be6 15. Rb1 (15. Bb2 Qd7 16. Kh2 h5 17. Nd5 Bxd5 18. exd5 Qf5 19. Bxe5
Rxe5 20. Rxe5 Qxe5 21. Qd3 h4 $36 {Danilov,V-Nisipeanu,L/ROM-chT/1992/}) 15...
h5 16. f4 Nc6 17. Nd5 Nh7 18. h4 b5 19. axb5 axb5 20. cxb5 Rxb5 21. Qd3 Qb8 22.
Nc7 Rxb3 23. Rxb3 Qxc7 24. Rb1 Ba2 25. Rb5 Na7 26. Rb2 Bxb2 27. Bxb2 Qb6 28.
Qc3 f6 29. e5 $1 $40 {Kirov,N-Bauer,C/Besancon/1998/}) 13. Nc2 (13. a5 Ne5 14.
Bf1 $5 (14. b3 c5 {[%csl Ra5] /\Nc6,><a5}) 14... c5 15. Nb3 Be6 16. f4 Nc6 17.
Nd5 Bxd5 18. cxd5 Nb4 $132) ({More logical seems} 13. Be3 $5 {with chances for
an advantage.}) 13... Ne5 14. Ne3 Be6 15. b3 Nfd7 16. Bd2 (16. Bb2 $6 Nc5 $36)
(16. Qxd6 $2 Nxc4 $17) 16... Nc5 17. Rf1 Ned3 {White played the opening rather
tamely and perhaps it was time for a more active approach:} (17... b5 $5 18.
axb5 axb5 19. f4 (19. b4 Nxc4 (19... Ncd3 20. cxb5 cxb5 21. Ncd5 $14) 20. bxc5
Nxe3 21. fxe3 b4 22. Na4 Bxa1 23. Qxa1 dxc5 $17) 19... Ned3 (19... b4 $5 $132)
20. f5 Bc8 $132 (20... gxf5 21. exf5 Bd7 $13)) 18. Rb1 a5 19. f4 f5 20. exf5
gxf5 (20... Bxf5 $142 $5 21. Kh2 $13 (21. Nxf5 gxf5 22. Kh2 Qf6 $36 {[%cal
Ge8e1] <->e})) 21. Kh2 Bd7 22. Nc2 $1 Ne6 23. Na2 Ndc5 24. Bc3 $14 {[%csl Rd6,
Rg8] ׻,d6 White has chased away the annoying N and is slightly better.} Bxc3
25. Nxc3 Qf6 26. Qd2 Ra8 27. Rfe1 Nc7 (27... Ng7 $5 28. Rxe8+ Bxe8 $14) 28.
Rxe8+ Rxe8 29. b4 {White is tied down to defending Pb3, but after this move
his Pa4,c4 will still be weak.} (29. Nd1 $5 Ra8 (29... b6 30. Nc3 {[%csl Rb6,
Rc6] /\b4,><b6,c6}) 30. Nde3 $14) 29... axb4 30. Nxb4 Rd8 (30... Ra8 $5 31. Nc2
Bc8 32. a5 $1 $14) 31. Nc2 Be6 32. Ne3 Bf7 (32... Bc8 $5 $14) 33. g4 Bg6 (33...
fxg4 $142 $5 34. Nxg4 Qh4 $14) 34. g5 (34. Rg1 $36) 34... Qg7 35. Ne2 (35. h4
$5 N7e6 36. h5 Nxf4 $5 37. hxg6 hxg6 $13) 35... N7e6 36. a5 Qc7 37. Rd1 Ra8 38.
Ng3 (38. Qxd6 Qxd6 39. Rxd6 Rxa5 $132) 38... Qxa5 (38... Nxf4 39. Nexf5 $40)
39. Qf2 Ng7 {[%csl Gf5] The Pf5 pawn is very important for the safety of
Black's K. We will see later in the game how much trouble Black will get into
after it's loss.} 40. Rxd6 Re8 41. h4 Re6 $6 (41... Qc7 $5 42. Nexf5 Nxf5 43.
Nxf5 Ne4 $1 44. Bxe4 (44. Nh6+ Kf8 45. Bxe4 Qxd6 $15) 44... Bxf5 45. Rxc6 bxc6
46. Bxf5 Qe7 $132) (41... Nce6 {/\Qc7} 42. Rd7 Nc5 $11) 42. Rd1 $16 {[%csl Rf5]
[%cal Yg2f3,Yh4h5,Yg2h3] ->><f5,/\Bf3,h5,Bh3} Qc7 (42... Qa3 $5 43. Rd8+ Kf7
44. Nc2 Qa5 45. Qd4 $16) 43. Nexf5 Nxf5 44. Qxc5 b6 $1 {[]} (44... Qxf4 $2 45.
Rd8+ $18) (44... Nxg3 $2 45. Kxg3 $18) (44... Nxh4 $2 45. Bd5 $1 $18) 45. Qf2
Nxh4 46. Bh3 Rd6 47. Rxd6 Qxd6 48. Bg4 (48. f5 $143 Bh5 $5 49. Bg2 Nxg2 50.
Kxg2 Bf7 $132) 48... Bd3 49. f5 (49. Nh5 $5 Ng6 $8 (49... Nf5 50. Qxb6 $18) 50.
Qb2 Qe7 (50... Kf8 51. Qg7+ Ke8 52. Qxh7 $18 {/\} Nxf4 53. Nf6+ $1 Kd8 (53...
Qxf6 54. Qd7+ $18) 54. Qg8+ Kc7 (54... Ke7 55. Qe8#) 55. Qc8#) 51. Qd4 $40 (51.
Qxb6 $16)) 49... h6 (49... h5 50. Kh3 $1 hxg4+ 51. Kxh4 $16 {/+-}) 50. g6 $6 (
50. Qa2 $142 $1 hxg5 (50... Qd4 51. f6 $1 Qxg4 52. Qa8+ $18) 51. c5+ Qd5 52.
Qxd5+ cxd5 53. cxb6 Ba6 54. Kh3 Kf7 55. Be2 Bc8 56. Kg4 Kf6 57. Bd3 Ke5 (57...
d4 58. Be4) 58. Kxg5 Nf3+ 59. Kh6 $5 $18) 50... h5 51. c5 (51. Bxh5 $2 Nxf5 $15
) 51... bxc5 52. Qa2+ c4 (52... Qd5 $2 53. Qa8+ Kg7 54. Nxh5+ Kh6 55. Qf8+ Kg5
56. Qe7+ Kh6 (56... Kxg4 57. Nf6+) 57. Qxh4 $18) 53. Qa8+ Qf8 54. Qa7 Nxg6 $1
55. fxg6 Bxg6 $11 56. Be6+ Bf7 57. Bf5 (57. Bxf7+ Qxf7 58. Qa8+ Kg7 59. Qxc6 h4
$11) 57... Qd6 58. Kh3 Bg6 59. Qa8+ Kg7 60. Qb7+ Kg8 61. Qc8+ Kg7 62. Qb7+ (62.
Be6 c3 $5 $11 {<=>}) (62. Bxg6 Qxg6 63. Nf5+ Kf6 64. Qf8+ Ke5 $11) 62... Kg8
63. Qa8+ Kg7 64. Qa5 Qf4 65. Qa7+ Kh6 66. Qc5 Bxf5+ 67. Nxf5+ Kg6 68. Nh4+ Kf7
$1 {Black's K finally escapes from the danger zone.} (68... Kf7 69. Qxh5+ Ke6
70. Qe8+ Kd5 $11) 1/2-1/2